Statistical physics of particles / (Record no. 29741)

000 -LEADER
fixed length control field 00692 a2200181 4500
020 ## - INTERNATIONAL STANDARD BOOK NUMBER
International Standard Book Number 0521873428
020 ## - INTERNATIONAL STANDARD BOOK NUMBER
International Standard Book Number 9780521873420
082 ## - DEWEY DECIMAL CLASSIFICATION NUMBER
Classification number 530.13
090 ## - LOCALLY ASSIGNED LC-TYPE CALL NUMBER (OCLC); LOCAL CALL NUMBER (RLIN)
-- 1126
-- 1126
100 1# - MAIN ENTRY--PERSONAL NAME
Personal name Kardar, Mehran.
245 10 - TITLE STATEMENT
Title Statistical physics of particles /
Statement of responsibility, etc. Mehran Kardar.
260 ## - PUBLICATION, DISTRIBUTION, ETC.
Place of publication, distribution, etc. [S.l.] :
Name of publisher, distributor, etc. Cambridge University Press,
Date of publication, distribution, etc. 2007.
300 ## - PHYSICAL DESCRIPTION
Extent 330 p. ;
Dimensions 25 cm.
700 ## - ADDED ENTRY--PERSONAL NAME
Personal name Kardar, Mehran.
942 ## - ADDED ENTRY ELEMENTS (KOHA)
Institution code [OBSOLETE] SNS
Koha item type Book
Call number prefix 530.13 KAR
Holdings
Withdrawn status Lost status Damaged status Not for loan Permanent Location Current Location Date acquired Total Checkouts Full call number Barcode Date last seen Date last checked out Price effective from Koha item type
        School of Natural Sciences (SNS) School of Natural Sciences (SNS) 05/26/2016 1 530.13 KAR SNS0001633 02/21/2019 01/16/2019 05/26/2016 Book
        School of Natural Sciences (SNS) School of Natural Sciences (SNS) 05/26/2016   530.13 KAR SNS0001774 05/26/2016   05/26/2016 Book
© 2023 Central Library, National University of Sciences and Technology. All Rights Reserved.